Προσαρμογή χρωμάτων σε ψηφιακούς πίνακες τέχνης για τη βελτίωση της οπτικής αντίληψης ατόμων με αχρωματοψία : χρήση τεχνικών ασαφούς κβάντισης διανύσματος : μεταπτυχιακή διατριβή
Saved in:
| Main Author: | |
|---|---|
| Corporate Author: | |
| Format: | Thesis Book |
| Language: | Greek |
| Published: |
2008.
|
| Subjects: | |
| Online Access: | http://hdl.handle.net/11610/16104 |
| Tags: |
Add Tag
No Tags, Be the first to tag this record!
|
MARC
| LEADER | 00000cam a2200000 i 4500 | ||
|---|---|---|---|
| 001 | 1/1576 | ||
| 008 | 090917s2008 gr | ||| |||| ||gre|| | ||
| 035 | |l 10105648 | ||
| 040 | |a GR-MyUa |b gre |e AACR2 | ||
| 041 | 0 | |a gre | |
| 082 | 7 | |a 752 |2 (22) | |
| 100 | 1 | |a Δολιώτης, Παύλος. | |
| 245 | 1 | 0 | |a Προσαρμογή χρωμάτων σε ψηφιακούς πίνακες τέχνης για τη βελτίωση της οπτικής αντίληψης ατόμων με αχρωματοψία : |b χρήση τεχνικών ασαφούς κβάντισης διανύσματος : μεταπτυχιακή διατριβή / |c του Δολιώτη Παύλου ; επιβλέπων: Γέωργιος Τσεκούρας. |
| 260 | |c 2008. | ||
| 300 | |a 68 σ. ; |c 30 εκ. | ||
| 502 | |a Διατριβή (μεταπτυχιακή) – Πανεπιστήμιο Αιγαίου, Λέσβος, 2008. | ||
| 650 | 0 | 0 | |a Image analysis |x Mathematical models. |
| 650 | 0 | 0 | |a Art and technology. |
| 650 | 0 | 0 | |a Color in art. |
| 650 | 0 | 0 | |a Computers and people with visual disabilities. |
| 650 | 0 | 0 | |a Dissertations, Academic |z Greece. |
| 700 | 1 | |a Τσεκούρας, Γεώργιος, |e dgs | |
| 710 | 2 | |a Πανεπιστήμιο Αιγαίου. |b Σχολή Κοινωνικών Επιστημών. |b Τμήμα Πολιτισμικής Τεχνολογίας και Επικοινωνίας. |b Πρόγραμμα Μεταπτυχιακών Σπουδών Πολιτισμική Πληροφορική και Επικοινωνία. | |
| 852 | |a INST |b LESVOS |c DIATR |e 20090917 |h 223 |p 005100046506 |q 005100046506 |t MTXE |y 23 | ||
| 852 | |a INST |b LESVOS |c DIATR |e 20090917 |h 224 |p 005100046507 |q 005100046507 |t MTXE |y 23 | ||
| 856 | |u http://hdl.handle.net/11610/16104 | ||
| 901 | |a BIBL1-2009-3 | ||
| 924 | |a Δολιώτης |b Παύλος |y Λέσβος |z 2009-05 | ||
| 970 | |a ΤΖΑΦΕΡΗ |b ΕΥΑΓΓΕΛΙΑ |z 2009/09/17 | ||